[Event "Delft Prinsenstad op-C"]
[Site "Delft"]
[Date "2011.04.23"]
[Round "3"]
[White "Huisman, Edgar"]
[Black "Heijungs, Simon"]
[Result "1-0"]
[WhiteElo "1660"]
[BlackElo "844"]
[PlyCount "23"]
[EventDate "2011.04.22"]
[EventType "swiss"]
[EventRounds "6"]
[EventCountry "NED"]
[SourceTitle "EXT 2013"]
[Source "ChessBase"]
[SourceDate "2012.11.22"]
[SourceVersion "1"]
[SourceVersionDate "2012.11.22"]
[SourceQuality "1"]

1. d4 Nf6 2. Nf3 g6 3. c4 Bg7 4. Nc3 d5 5. Bf4 dxc4 6. e4 Nh5 7. Be3 0-0 8. Bxc4 Nc6 9. 0-0 Bg4 10. d5 Ne5 11. Be2 f5 12. Ng5 1-0